[Event "AUT-ch"]
[Site "Linz"]
[Date "2024.08.01"]
[Round "6"]
[White "Kersten, Julian"]
[Black "Martinovic, David"]
[Result "0-1"]
[WhiteElo "2018"]
[BlackElo "1975"]
[PlyCount "162"]
[EventDate "2024.07.27"]
[EventType "swiss"]
[EventRounds "9"]
[EventCountry "AUT"]
[SourceTitle "CBM 221 Extra"]
[Source "ChessBase"]
[SourceDate "2024.09.30"]
[SourceVersion "1"]
[SourceVersionDate "2024.09.30"]
[SourceQuality "1"]

1. c4 c5 2. g3 Nc6 3. Bg2 Nf6 4. Nf3 e6 5. 0-0 a6 6. d4 d5 7. cxd5 Nxd5 8. Nc3 Nf6 9. Ne5 Bd7 10. Nxd7 Qxd7 11. dxc5 Bxc5 12. Qxd7+ Kxd7 13. Bf4 Rhd8 14. Rac1 Rac8 15. Na4 Ba7 16. Nc5+ Bxc5 17. Rxc5 Nd4 18. Rxc8 Nxe2+ 19. Kh1 Rxc8 20. Bxb7 Rc2 21. Rd1+ Ke8 22. Be3 Ng4 23. Bb6 Rxb2 24. Bc6+ Ke7 25. Bc5+ Kf6 26. Bf3 Ne5 27. Bxe2 Rxe2 28. Bd4 Kg6 29. a4 Ng4 30. Kg2 Ra2 31. Ra1 Ne3+ 32. Kf3 Rxa1 33. Bxa1 Nd5 34. Ke4 Nb6 35. a5 Nd7 36. h4 h5 37. Bc3 f6 38. Bd2 Nc5+ 39. Ke3 Kf7 40. Bb4 Nb7 41. Ke4 Ke8 42. f4 Kd7 43. Kd4 Kc6 44. Ke4 Nd6+ 45. Kf3 Kd5 46. Ke3 Nf5+ 47. Kf2 Kc4 48. Be1 Nd4 49. Bd2 Nb3 50. Be1 Kb5 51. g4 g6 52. f5 exf5 53. gxf5 gxf5 54. Ke3 Nc5 55. Bd2 Ne6 56. Bc3 Ka4 57. Kf3 Kb5 58. Ke3 Nc7 59. Kd4 Kc6 60. Bd2 Nb5+ 61. Kc4 Nd6+ 62. Kd4 Ne4 63. Be1 Nc5 64. Bc3 Ne6+ 65. Ke3 Kb5 66. Kf3 Kc4 67. Be1 Kd3 68. Bb4 Nc7 69. Be1 Nd5 70. Bf2 Kc4 71. Be1 Kd4 72. Bf2+ Ke5 73. Bg3+ f4 74. Be1 Nc7 75. Bd2 Ne6 76. Bc3+ Kf5 77. Bb2 Nf8 78. Bd4 Ng6 79. Bf2 Ne5+ 80. Kg2 Kg4 81. Kf1 Nf3 0-1

[Event "AUT-chT 2223"]
[Site "Austria"]
[Date "2022.11.06"]
[Round "4.5"]
[White "Kersten, Julian"]
[Black "Salvenmoser, Stefan"]
[Result "0-1"]
[WhiteElo "1986"]
[BlackElo "2304"]
[PlyCount "68"]
[EventDate "2022.11.03"]
[EventType "team-tourn"]
[EventRounds "11"]
[EventCountry "AUT"]
[SourceTitle "EXT 2024"]
[Source "ChessBase"]
[SourceDate "2023.10.10"]
[SourceVersion "1"]
[SourceVersionDate "2023.10.10"]
[SourceQuality "1"]
[WhiteTeam "Tschaturanga"]
[BlackTeam "Grieskirchen"]
[WhiteTeamCountry "AUT"]
[BlackTeamCountry "AUT"]

1. e4 c5 2. Nf3 d6 3. Nc3 a6 4. d4 cxd4 5. Nxd4 Nf6 6. g3 e5 7. Nde2 Be7 8. Bg2 b5 9. a3 Bb7 10. 0-0 Nbd7 11. Nd5 Nxd5 12. exd5 0-0 13. Nc3 Qc7 14. Re1 Rfe8 15. Kh1 Rac8 16. f4 exf4 17. Bxf4 Bf6 18. Rxe8+ Rxe8 19. Ne4 Be5 20. Bxe5 Rxe5 21. Nc3 Nf6 22. Qd4 Qe7 23. h3 Nh5 24. Kh2 f5 25. Qa7 g5 26. Bf3 Nf6 27. Rd1 h5 28. Qd4 g4 29. hxg4 hxg4 30. Bg2 Nh5 31. Rf1 Qh7 32. Qa7 Qe7 33. Qd4 Bc8 34. Qd2 Re3 0-1

[Event "AUT-chT 2223"]
[Site "Austria"]
[Date "2022.11.05"]
[Round "3.5"]
[White "Kersten, Julian"]
[Black "Schreiner, Peter"]
[Result "0-1"]
[WhiteElo "1986"]
[BlackElo "2393"]
[PlyCount "72"]
[EventDate "2022.11.03"]
[EventType "team-tourn"]
[EventRounds "11"]
[EventCountry "AUT"]
[SourceTitle "EXT 2024"]
[Source "ChessBase"]
[SourceDate "2023.10.10"]
[SourceVersion "1"]
[SourceVersionDate "2023.10.10"]
[SourceQuality "1"]
[WhiteTeam "Tschaturanga"]
[BlackTeam "Raika Feffernitz"]
[WhiteTeamCountry "AUT"]
[BlackTeamCountry "AUT"]

1. e4 c5 2. Nf3 Nf6 3. Nc3 d5 4. exd5 Nxd5 5. Bc4 Nb6 6. Be2 Nc6 7. 0-0 e6 8. Bb5 Bd7 9. d4 a6 10. dxc5 Bxc5 11. Ne4 Be7 12. Be2 Qc7 13. c4 0-0 14. b3 Rad8 15. Bb2 e5 16. a3 Bf5 17. Qc2 Bg6 18. Rad1 h6 19. b4 Kh7 20. b5 Nd4 21. Nxd4 exd4 22. bxa6 Qf4 23. Rxd4 Rxd4 24. Bxd4 Nd7 25. Bf3 Bd6 26. Re1 Qxh2+ 27. Kf1 bxa6 28. Qa4 Ne5 29. Bxe5 Bxe5 30. g3 f5 31. Ng5+ hxg5 32. Rxe5 g4 33. Bd5 f4 34. gxf4 Qxf4 35. Re2 Bd3 36. Be4+ Qxe4 0-1

[Event "AUT-ch"]
[Site "Vienna"]
[Date "2022.08.14"]
[Round "3"]
[White "Kersten, Julian"]
[Black "Jethan, Martin"]
[Result "1-0"]
[WhiteElo "1999"]
[BlackElo "2103"]
[PlyCount "51"]
[EventDate "2022.08.12"]
[EventType "swiss"]
[EventRounds "9"]
[EventCountry "AUT"]
[SourceTitle "CBM 209 Extra"]
[Source "ChessBase"]
[SourceDate "2022.09.30"]
[SourceVersion "1"]
[SourceVersionDate "2022.09.30"]
[SourceQuality "1"]

1. e4 c6 2. d4 d5 3. e5 Bf5 4. h4 h5 5. Bd3 Bxd3 6. Qxd3 e6 7. Bg5 Qb6 8. Nd2 Ne7 9. Ngf3 Nf5 10. 0-0 c5 11. c4 Qa6 12. Qc2 Qc6 13. cxd5 Qxd5 14. dxc5 Qxc5 15. Qe4 Nc6 16. Rac1 Qd5 17. Qa4 Be7 18. Bxe7 Nfxe7 19. Rfd1 Qa5 20. Qf4 Ng6 21. Qg3 Ncxe5 22. Nxe5 Qxe5 23. Qa3 Rd8 24. Nc4 Rxd1+ 25. Rxd1 Qe2 26. Qd6 1-0

[Event "Arad op-A 14th"]
[Site "Arad"]
[Date "2021.07.30"]
[Round "1"]
[White "Ionescu, Mihai"]
[Black "Kersten, Julian"]
[Result "1-0"]
[WhiteElo "2271"]
[BlackElo "1950"]
[PlyCount "121"]
[EventDate "2021.07.30"]
[EventType "swiss"]
[EventRounds "9"]
[EventCountry "ROU"]
[SourceTitle "CBM 203 Extra"]
[Source "ChessBase"]
[SourceDate "2021.09.30"]
[SourceVersion "1"]
[SourceVersionDate "2021.09.30"]
[SourceQuality "1"]

1. Nf3 Nf6 2. g3 g6 3. d4 Bg7 4. Bg2 0-0 5. 0-0 d6 6. b3 c5 7. c4 Nc6 8. Bb2 Bf5 9. e3 cxd4 10. Nxd4 Nxd4 11. Bxd4 Be4 12. Bxe4 Nxe4 13. Bxg7 Kxg7 14. Qd5 Nc5 15. b4 Na6 16. a3 b6 17. Nc3 Nc7 18. Qd4+ Kg8 19. Nd5 Nxd5 20. cxd5 Rc8 21. a4 Qd7 22. a5 b5 23. Rfc1 e5 24. dxe6 fxe6 25. Rd1 Rfd8 26. Rac1 d5 27. Rc5 Rxc5 28. bxc5 Qc7 29. Qb4 a6 30. Rc1 Qc6 31. Qf4 Rf8 32. Qe5 Kf7 33. h4 h5 34. Qd6 Rc8 35. Qf4+ Kg7 36. g4 hxg4 37. Qxg4 Kf7 38. h5 gxh5 39. Qxh5+ Ke7 40. Kf1 Qe8 41. Qe5 Rc6 42. Qg5+ Kd7 43. Ke2 Qe7 44. Qxe7+ Kxe7 45. e4 Rc7 46. Ke3 dxe4 47. Kxe4 b4 48. Kd4 Kd7 49. Kc4 Rb7 50. Rb1 Rb5 51. Rxb4 Rxa5 52. Rb7+ Kd8 53. Kd4 e5+ 54. Kd5 Ra2 55. Rf7 Rc2 56. Kd6 Ke8 57. Rf5 e4 58. c6 a5 59. Rxa5 Rxf2 60. Re5+ Kd8 61. c7+ 1-0

[Event "Skalica Masters op"]
[Site "Skalica"]
[Date "2020.08.25"]
[Round "4"]
[White "Kersten, Julian"]
[Black "Hollan, Petr"]
[Result "0-1"]
[WhiteElo "1969"]
[BlackElo "2317"]
[PlyCount "60"]
[EventDate "2020.08.23"]
[EventType "swiss"]
[EventRounds "9"]
[EventCountry "SVK"]
[SourceTitle "CBM 198 Extra"]
[Source "ChessBase"]
[SourceDate "2020.11.30"]
[SourceVersion "1"]
[SourceVersionDate "2020.11.30"]
[SourceQuality "1"]

1. e4 c5 2. Nf3 Nc6 3. d4 cxd4 4. Nxd4 Nf6 5. Nc3 e5 6. Ndb5 d6 7. Bg5 a6 8. Na3 b5 9. Bxf6 gxf6 10. Nd5 Bg7 11. c3 f5 12. Bd3 Ne7 13. Nxe7 Qxe7 14. exf5 e4 15. Be2 0-0 16. Nc2 Bxf5 17. Ne3 Be6 18. 0-0 Rac8 19. a4 Rc5 20. axb5 axb5 21. Ra6 Rd8 22. Rb6 f5 23. g3 f4 24. gxf4 Bh6 25. Bg4 Bxf4 26. Ng2 Rg5 27. Bxe6+ Qxe6 28. Kh1 Bxh2 29. Kxh2 Qh6+ 30. Kg1 Qh3 0-1

[Event "Skalica Masters op"]
[Site "Skalica"]
[Date "2020.08.24"]
[Round "3"]
[White "Kantorik, Marian"]
[Black "Kersten, Julian"]
[Result "1-0"]
[WhiteElo "2211"]
[BlackElo "1969"]
[PlyCount "64"]
[EventDate "2020.08.23"]
[EventType "swiss"]
[EventRounds "9"]
[EventCountry "SVK"]
[SourceTitle "CBM 198 Extra"]
[Source "ChessBase"]
[SourceDate "2020.11.30"]
[SourceVersion "1"]
[SourceVersionDate "2020.11.30"]
[SourceQuality "1"]

1. d4 Nf6 2. c4 g6 3. Nc3 Bg7 4. e4 d6 5. f4 0-0 6. Nf3 e5 7. fxe5 dxe5 8. d5 Na6 9. Bd3 Nc5 10. 0-0 a5 11. Bc2 Nh5 12. Be3 Qe7 13. Qd2 f5 14. exf5 Bxf5 15. Rae1 Rae8 16. Bg5 Bf6 17. Bh6 Bg7 18. Bg5 Bf6 19. Be3 Bg7 20. Na4 Nxa4 21. Bxa4 Bd7 22. Bxd7 Qxd7 23. Qxa5 Ra8 24. Qb4 Rxa2 25. Ng5 Nf4 26. Bxf4 Rxf4 27. Qxb7 Bf6 28. Qb8+ Kg7 29. Ne6+ Kh6 30. Rxf4 exf4 31. Qf8+ Bg7 32. Qxf4+ Kh5 1-0

[Event "Bohumin op 3rd"]
[Site "Bohumin"]
[Date "2020.07.26"]
[Round "9"]
[White "Kersten, Julian"]
[Black "Obrochta, Lena"]
[Result "1/2-1/2"]
[WhiteElo "2005"]
[BlackElo "1761"]
[PlyCount "78"]
[EventDate "2020.07.18"]
[EventType "swiss"]
[EventRounds "9"]
[EventCountry "CZE"]
[SourceTitle "CBM 197 Extra"]
[Source "ChessBase"]
[SourceDate "2020.09.30"]
[SourceVersion "1"]
[SourceVersionDate "2020.09.30"]
[SourceQuality "1"]

1. e4 c5 2. Nf3 e6 3. d4 cxd4 4. Nxd4 a6 5. Nc3 Qc7 6. Be2 Nf6 7. 0-0 b5 8. Bf3 Nc6 9. e5 Ng8 10. Bf4 Bb7 11. Nxc6 Bxc6 12. Ne4 Rd8 13. Nd6+ Bxd6 14. exd6 Qb7 15. Bxc6 Qxc6 16. Qg4 Kf8 17. c3 f6 18. Rfd1 Kf7 19. Be3 g6 20. a4 h5 21. Qd4 Nh6 22. axb5 axb5 23. Bxh6 Rxh6 24. Ra7 h4 25. Rc7 Qa8 26. Qa7 Qxa7 27. Rxa7 Rh5 28. Kf1 Re5 29. Rd4 g5 30. Rb4 Rd5 31. Ra6 e5 32. Rb6 Ke6 33. R4xb5 Rxd6 34. Rxd6+ Kxd6 35. Rb6+ Ke7 36. c4 Rc8 37. b3 d6 38. Ke2 Ra8 39. Ke3 f5 1/2-1/2

[Event "Bohumin op 3rd"]
[Site "Bohumin"]
[Date "2020.07.20"]
[Round "3"]
[White "Delgerdalai, Bayarjavkhlan"]
[Black "Kersten, Julian"]
[Result "0-1"]
[WhiteElo "1656"]
[BlackElo "2005"]
[PlyCount "106"]
[EventDate "2020.07.18"]
[EventType "swiss"]
[EventRounds "9"]
[EventCountry "CZE"]
[SourceTitle "CBM 197 Extra"]
[Source "ChessBase"]
[SourceDate "2020.09.30"]
[SourceVersion "1"]
[SourceVersionDate "2020.09.30"]
[SourceQuality "1"]

1. e4 e6 2. d3 d5 3. Nd2 Nf6 4. Ngf3 Bc5 5. e5 Nfd7 6. g3 Nc6 7. Nb3 Be7 8. d4 0-0 9. Bg2 f6 10. exf6 Nxf6 11. 0-0 Ne4 12. Re1 Bd6 13. Nbd2 Nxd2 14. Bxd2 Qf6 15. Bc3 Bd7 16. Qe2 Rad8 17. Ne5 Bxe5 18. dxe5 Qf5 19. g4 Qf4 20. Rad1 Rf7 21. f3 Rdf8 22. b3 h5 23. Bd2 Nd4 24. Bxf4 Nxe2+ 25. Rxe2 Rxf4 26. h3 c5 27. c3 h4 28. Kf2 Bc6 29. Re3 Kf7 30. Bf1 Ke7 31. Be2 b5 32. a3 Rb8 33. b4 c4 34. Rd2 Rd8 35. Rd4 Rxd4 36. cxd4 a5 37. Bd1 axb4 38. axb4 Ra8 39. Re2 Ra1 40. Ke1 Be8 41. Rb2 Bg6 42. Kd2 Ra3 43. Ke2 c3 44. Rb3 Ra2+ 45. Ke3 c2 46. Bxc2 Rxc2 47. Kf4 Rd2 48. Kg5 Be8 49. Kxh4 Rxd4 50. Kg5 Rc4 51. f4 d4 52. f5 exf5 53. gxf5 Rc3 0-1

[Event "Vsetin op 45th"]
[Site "Vsetin"]
[Date "2020.07.04"]
[Round "1"]
[White "Czerw, Dawid"]
[Black "Kersten, Julian"]
[Result "1-0"]
[WhiteElo "2287"]
[BlackElo "2005"]
[PlyCount "57"]
[EventDate "2020.07.04"]
[EventType "swiss"]
[EventRounds "9"]
[EventCountry "CZE"]
[SourceTitle "CBM 197 Extra"]
[Source "ChessBase"]
[SourceDate "2020.09.30"]
[SourceVersion "1"]
[SourceVersionDate "2020.09.30"]
[SourceQuality "1"]

1. d4 d5 2. c4 e6 3. Nc3 c5 4. cxd5 exd5 5. Nf3 Nc6 6. Bg5 f6 7. Bc1 Bg4 8. dxc5 d4 9. Ne4 Bxc5 10. Nxc5 Qa5+ 11. Bd2 Qxc5 12. Qb3 Nge7 13. g3 Bh5 14. Rc1 Qd6 15. Bg2 Bf7 16. Qa4 0-0 17. 0-0 Rfd8 18. a3 a6 19. Rfe1 b5 20. Qd1 Rac8 21. Bh3 Be6 22. Bxe6+ Qxe6 23. Rc5 Qd6 24. Qb3+ Kh8 25. Rec1 Ne5 26. Nxe5 fxe5 27. Rxc8 Nxc8 28. Qf7 Rf8 29. Bb4 1-0

[Event "Dublin Irish op"]
[Site "Dublin"]
[Date "2019.04.22"]
[Round "9"]
[White "Lundback, Anders"]
[Black "Kersten, Julian"]
[Result "1-0"]
[WhiteElo "1806"]
[BlackElo "1996"]
[PlyCount "91"]
[EventDate "2019.04.17"]
[EventType "swiss"]
[EventRounds "9"]
[EventCountry "IRL"]
[SourceTitle "CBM 189 Extra"]
[Source "ChessBase"]
[SourceDate "2019.05.31"]
[SourceVersion "1"]
[SourceVersionDate "2019.05.31"]
[SourceQuality "1"]

1. d4 Nf6 2. c4 g6 3. Nc3 Bg7 4. Nf3 0-0 5. Bg5 d6 6. e3 c5 7. Be2 Nbd7 8. Qc2 Re8 9. 0-0 h6 10. Bh4 g5 11. Bg3 Nf8 12. Rfd1 b6 13. a3 Nh5 14. b4 Nxg3 15. hxg3 Qc7 16. Rac1 Bb7 17. Rd2 Rac8 18. Ne1 Nd7 19. Nb5 Qb8 20. Bg4 Red8 21. Qb3 cxb4 22. axb4 a6 23. Nc3 e6 24. Nd3 Qa8 25. Ne1 Nf6 26. Bf3 Ne4 27. Nxe4 Bxe4 28. Bxe4 Qxe4 29. Ra2 Qb7 30. Rca1 Ra8 31. Nd3 e5 32. d5 e4 33. Nb2 b5 34. Rd1 Rdc8 35. Rc1 bxc4 36. Rxc4 Rab8 37. Rxe4 Rc3 38. Qa4 Rc1+ 39. Kh2 Qxd5 40. f3 f5 41. Re7 Bf6 42. Ra7 Qe6 43. Nd3 Rc3 44. Qxa6 Qxe3 45. Qxd6 Rxd3 46. Qxb8+ 1-0

[Event "Dublin Irish op"]
[Site "Dublin"]
[Date "2019.04.21"]
[Round "8"]
[White "Kersten, Julian"]
[Black "Putar, Leon"]
[Result "1-0"]
[WhiteElo "1996"]
[BlackElo "1549"]
[PlyCount "59"]
[EventDate "2019.04.17"]
[EventType "swiss"]
[EventRounds "9"]
[EventCountry "IRL"]
[SourceTitle "CBM 189 Extra"]
[Source "ChessBase"]
[SourceDate "2019.05.31"]
[SourceVersion "1"]
[SourceVersionDate "2019.05.31"]
[SourceQuality "1"]

1. d4 Nf6 2. Bg5 g6 3. Bxf6 exf6 4. c4 c6 5. Nc3 d5 6. cxd5 cxd5 7. e3 Nc6 8. g3 Be6 9. Nge2 Rc8 10. Bg2 Bb4 11. Qb3 0-0 12. 0-0 Bxc3 13. Nxc3 Ne7 14. Qxb7 Rb8 15. Qxa7 Rxb2 16. Rab1 Rd2 17. Qc5 Qd7 18. Qb4 Rc2 19. Qb3 Rd2 20. Rfc1 Bh3 21. Nxd5 Bxg2 22. Nxf6+ Kg7 23. Nxd7 Rd8 24. Qb4 Rxd7 25. Qxd2 Bh3 26. a4 Nf5 27. a5 Nh4 28. gxh4 g5 29. hxg5 Rd5 30. e4 1-0

[Event "Dublin Irish op"]
[Site "Dublin"]
[Date "2019.04.18"]
[Round "3"]
[White "Opseth, Oliver"]
[Black "Kersten, Julian"]
[Result "1-0"]
[WhiteElo "1739"]
[BlackElo "1996"]
[PlyCount "69"]
[EventDate "2019.04.17"]
[EventType "swiss"]
[EventRounds "9"]
[EventCountry "IRL"]
[SourceTitle "CBM 189 Extra"]
[Source "ChessBase"]
[SourceDate "2019.05.31"]
[SourceVersion "1"]
[SourceVersionDate "2019.05.31"]
[SourceQuality "1"]

1. d4 Nf6 2. Bf4 g6 3. e3 Bg7 4. Bd3 c5 5. c3 0-0 6. Nf3 d5 7. 0-0 b6 8. Nbd2 Bb7 9. Qe2 Nbd7 10. Rfe1 h6 11. Rad1 Nh5 12. Ne5 Nxe5 13. Bxe5 Bxe5 14. dxe5 Ng7 15. c4 Qc7 16. f4 Rad8 17. Qg4 Bc8 18. Qg3 Nf5 19. Bxf5 Bxf5 20. cxd5 Rxd5 21. e4 Bxe4 22. Nxe4 Rxd1 23. Rxd1 Qc6 24. Qf3 Qa4 25. Nc3 Qb4 26. Nd5 Qxb2 27. Nxe7+ Kg7 28. Qc6 Qe2 29. Qf6+ Kh7 30. Rf1 Qe3+ 31. Kh1 Qd3 32. Rg1 Qd8 33. e6 Qd6 34. f5 g5 35. Ng6 1-0

[Event "AUT-ch"]
[Site "Vienna"]
[Date "2018.07.27"]
[Round "7"]
[White "Kersten, Julian"]
[Black "Spiesberger, Gerhard"]
[Result "0-1"]
[WhiteElo "1979"]
[BlackElo "2058"]
[PlyCount "72"]
[EventDate "2018.07.22"]
[EventType "swiss"]
[EventRounds "9"]
[EventCountry "AUT"]
[SourceTitle "CBM 185 Extra"]
[Source "ChessBase"]
[SourceDate "2018.07.29"]
[SourceVersion "1"]
[SourceVersionDate "2018.07.29"]
[SourceQuality "1"]

1. Nf3 Nc6 2. d4 d6 3. d5 Ne5 4. Nxe5 dxe5 5. Bg5 f6 6. Bh4 e6 7. e4 exd5 8. exd5 c6 9. Bd3 Qxd5 10. 0-0 Be6 11. Nc3 Qd4 12. Bg3 0-0-0 13. Re1 Bc5 14. Re4 Qd6 15. a3 Nh6 16. Re1 Bg4 17. Qb1 Bf5 18. Bxf5+ Nxf5 19. Ne4 Qe7 20. b4 Bb6 21. a4 h5 22. a5 Bd4 23. c3 h4 24. Bxh4 Nxh4 25. cxd4 Rxd4 26. a6 b6 27. Qc2 Rxb4 28. Qxc6+ Kb8 29. Rac1 Nf5 30. Rc3 Nd4 31. Qd5 Ne2+ 32. Kf1 Rd4 33. Qc6 Nxc3 34. Qxc3 Qc7 35. Qe3 Qc4+ 36. Kg1 Qxa6 0-1

[Event "Vsetin op 43rd"]
[Site "Vsetin"]
[Date "2018.07.11"]
[Round "9"]
[White "Kersten, Julian"]
[Black "Engert, Marvin"]
[Result "1-0"]
[WhiteElo "1979"]
[BlackElo "2005"]
[PlyCount "69"]
[EventDate "2018.07.04"]
[EventType "swiss"]
[EventRounds "9"]
[EventCountry "CZE"]
[SourceTitle "CBM 185 Extra"]
[Source "ChessBase"]
[SourceDate "2018.07.29"]
[SourceVersion "1"]
[SourceVersionDate "2018.07.29"]
[SourceQuality "1"]

1. d4 Nf6 2. Bg5 Ne4 3. Bf4 g5 4. Be5 f6 5. e3 h5 6. Be2 Bg7 7. Bxh5+ Kf8 8. Bg6 d5 9. Bxe4 dxe4 10. Bg3 c5 11. c3 Qb6 12. Qc2 Nc6 13. d5 Na5 14. Nd2 f5 15. f3 exf3 16. Ngxf3 c4 17. 0-0-0 Qxe3 18. Rhe1 Qb6 19. Nxg5 Qb5 20. Ndf3 Bh6 21. Kb1 Bxg5 22. Nxg5 Rg8 23. Qe2 Rg7 24. h4 f4 25. Bxf4 Bf5+ 26. Kc1 Qa4 27. g4 Bd3 28. Rxd3 cxd3 29. Qxd3 Qxf4+ 30. Kb1 Rxg5 31. hxg5 Qxg5 32. Rh1 Kg7 33. Qh7+ Kf8 34. Qh8+ Kf7 35. Rh7+ 1-0

[Event "Vsetin op 43rd"]
[Site "Vsetin"]
[Date "2018.07.06"]
[Round "4"]
[White "Kersten, Julian"]
[Black "Weinzettl, Ernst"]
[Result "1/2-1/2"]
[WhiteElo "1979"]
[BlackElo "2213"]
[PlyCount "21"]
[EventDate "2018.07.04"]
[EventType "swiss"]
[EventRounds "9"]
[EventCountry "CZE"]
[SourceTitle "CBM 185 Extra"]
[Source "ChessBase"]
[SourceDate "2018.07.29"]
[SourceVersion "1"]
[SourceVersionDate "2018.07.29"]
[SourceQuality "1"]

1. f4 Nf6 2. Nf3 c5 3. e3 Nc6 4. b3 g6 5. Bb2 Bg7 6. Be2 0-0 7. 0-0 d6 8. a4 e5 9. fxe5 Ng4 10. Na3 Ngxe5 11. Qc1 1/2-1/2